000 00341nam a2200145Ia 4500
008 230917s9999||||xx |||||||||||||| ||und||
040 _e58062
_aMAIN
041 _aEnglish
082 _a823.9 D781I
100 _aDrabble, Margaret
245 4 _aThe ice age
260 _aMiddlesex
_bPenguin Books
_c1979
300 _a287 p.
942 _cBK
999 _c224539
_d224539